00731nam a2200145Ia 450000500170000000800410001702000180005810000230007624500920009926000330019130000220022450000510024652002190029765000690051620250117103724.0250117s9999 xx 000 0 und d a9780795347511 aEggers, William D. 0aDelivering on Digitalbthe innovators and technologies that are transforming government aNew YorkbRosettaBooksc2016 avi, 289p. ; 22 cm aIncludes bibliographical references and index. aWhat if you could file your taxes or open a business online in mere minutes? It's already possible in Estonia. So why are some US government agencies still running software from the 1960s with no upgrades in sight? aPublic administration--Technological innovations--United States.